| 000 | 01186nam a2200325 i 4500 | ||
|---|---|---|---|
| 001 | 000039734 | ||
| 003 | DO-SdBNP | ||
| 005 | 20260325093513.0 | ||
| 007 | ta | ||
| 008 | 130718s2013 dr 000 0 spa d | ||
| 020 | _a9789945580112 | ||
| 040 |
_aDO-SdBNP _bspa _cBNPHU |
||
| 041 | _aspa | ||
| 082 | 4 |
_a342.723 _bR696t _222 |
|
| 100 | 1 |
_aRodríguez García, Arismendy _eautor _4aut. _965928 |
|
| 245 | 1 | 0 |
_aTeoría y justicia constitucional : _bensayos / _cArismendy Rodriguez García ; prólogo, Manuel Aurelio Gómez. |
| 250 | _aPrimera edición | ||
| 264 | 4 |
_aSanto Domingo : _bEdiones UAPA, _c©2013. |
|
| 300 |
_a296 páginas ; _c23 cm. |
||
| 336 |
_atexto _btxt _2rdacontent |
||
| 337 |
_asin mediación _bn _2rdamedia |
||
| 338 |
_avolumen _bnc _2rdacarrier |
||
| 500 | _aIncluye datos biográficos del autor en la solapa de la cubierta | ||
| 500 | _aIncluye referencias bibliográficas y notas a pie de las páginas | ||
| 650 | 0 |
_aRevisión judicial _986717 |
|
| 651 | 7 |
_aRepública Dominicana _xDerecho constitucional _2LEMB _99303 |
|
| 700 | 1 |
_aGómez, Manuel Aurelio, _eprologuista _4pr. _986743 |
|
| 910 | _aValidado. Control de calidad MFF | ||
| 942 |
_2ddc _cLBS1 |
||
| 999 |
_c39224 _d39224 |
||